000 00509nam a2200181Ia 4500
008 100920s9999 xx 000 0 und d
082 _b78542
_a1 थ 88
100 _aDOCTOR ASPI.
245 _aA MANUAL OF BANK CORRESPONDENCE.
260 _bC.JAMNADAS & CO.,BOMBAY.
_c1988
300 _a324
_bसाधी
365 _b45
520 _aइ.डी.यू.
630 _aA MANUAL OF BANK CORRESPONDENCE.
650 _aइ.डी.यू.
730 _aA MANUAL OF BANK CORRESPONDENCE.
942 _cBOOK
999 _c719699
_d719696